书目信息 |
| 题名: |
张献忠传注释
|
|
| 作者: | ;北京汽车制造厂工人理论组 注释 | |
| 分册: | ||
| 出版信息: | 北京 中华书局 1977 |
|
| 页数: | 33页 | |
| 开本: | 19cm | |
| 丛书名: | ||
| 单 册: | ||
| 中图分类: | K248.301 | |
| 科图分类: | ||
| 主题词: | 张献忠起义 | |
| 电子资源: | ||
| ISBN: | ||
| 000 | 00727nam0 2200253 45 | |
| 001 | 0175003376 | |
| 005 | 20070726150003.93 | |
| 010 | @dCNY0.09 | |
| 091 | @a11018.717 | |
| 100 | @a19951020d1975 em y0chiy0121 ea | |
| 101 | 0 | @achi |
| 102 | @aCN@b110000 | |
| 105 | @ay z 000yd | |
| 200 | 10 | @a张献忠传注释@Azhang xian zhong zhuan zhu shi@f北京汽车制造厂工人理论组注释 |
| 210 | @a北京@c中华书局@d1977 | |
| 215 | @a33页@d19cm | |
| 300 | @a农民战争史资料选注 | |
| 605 | @a张献忠传@x注释 | |
| 606 | @a张献忠起义 | |
| 690 | @aK248.301@v3 | |
| 711 | 02 | @a北京汽车制造厂工人理论组@Abei jing qi che zhi zao chang gong ren li lun zu@4注释 |
| 801 | 2 | @aCN@bNLC@c20070726 |
| 801 | 0 | @aCN@bTSSF |
| 905 | @a10447@dK248.301@e76 | |
| 张献忠传注释/北京汽车制造厂工人理论组注释.-北京:中华书局,1977 |
| 33页;19cm |
| 农民战争史资料选注 |
| ISBN :CNY0.09 |
| ● |
| 相关链接 |
|
|
|
|
正题名:张献忠传注释
索取号:K248.301/76
 
预约/预借
| 序号 | 登录号 | 条形码 | 馆藏地/架位号 | 状态 | 备注 |
| 1 | 0769654 | 207696545 | 第二样本阅览室/ [索取号:K248.301/76] | 在馆 |